[Event "Frauenbundesliga 2015/2016"]
[Site "Mattersburg/ St. Veit/ Graz"]
[Date "2016.04.16"]
[Round "6"]
[Board "2"]
[White "Froewis, Annika"]
[Black "Kopinits, Anna-Christina"]
[Result "0-1"]
[WhiteElo "2061"]
[BlackElo "2267"]
[PlyCount "76"]
[EventDate "2015.11.06"]
[EventType "team"]
[EventRounds "7"]
[EventCountry "AUT"]
[WhiteTeam "SK Dornbirn"]
[BlackTeam "ASVOE Wulkaprodersdorf"]

1. e4 c6 2. d4 d5 3. Nc3 dxe4 4. Nxe4 Nf6 5. Nxf6+ gxf6 6. c3 Bf5 7. Nf3 Qc7 8.
g3 e6 9. Bg2 Nd7 10. Nh4 Bg6 11. O-O Be7 12. f4 f5 13. Nf3 Bh5 14. b4 Nf6 15.
Rb1 Bxf3 16. Bxf3 Rd8 17. Qe2 h5 18. h4 Rg8 19. Kh2 Ng4+ 20. Kh1 b5 21. Re1
Bxh4 22. Qg2 Nf6 23. Bxc6+ Ke7 24. Re3 Bxg3 25. Rxg3 Rxg3 26. Qxg3 Qxc6+ 27.
Qg2 Qxg2+ 28. Kxg2 Rg8+ 29. Kh2 Ng4+ 30. Kg2 Nf6+ 31. Kh2 Ne4 32. Bb2 Kd6 33.
a4 a6 34. axb5 axb5 35. Ra1 Kd5 36. Ra7 Nd2 37. Rxf7 Nf3+ 38. Kh3 h4 0-1

[Event "Frauenbundesliga 2015/2016"]
[Site "Mattersburg/ St. Veit/ Graz"]
[Date "2016.04.16"]
[Round "6"]
[Board "3"]
[White "Boric, Elena"]
[Black "Kurapova, Olga"]
[Result "1-0"]
[WhiteElo "2208"]
[BlackElo "1910"]
[PlyCount "69"]
[EventDate "2015.11.06"]
[EventType "team"]
[EventRounds "7"]
[EventCountry "AUT"]
[WhiteTeam "ASVOE Wulkaprodersdorf"]
[BlackTeam "SK Dornbirn"]

1. Nf3 Nf6 2. g3 g6 3. Bg2 Bg7 4. d3 d5 5. O-O O-O 6. c3 c5 7. Qc2 Nc6 8. e4 d4
9. c4 e5 10. a3 Ne8 11. b4 f5 12. exf5 Bxf5 13. Ng5 Nf6 14. b5 Ne7 15. Nd2 Qd7
16. Nde4 Nxe4 17. Nxe4 b6 18. a4 Bh3 19. a5 Bxg2 20. Kxg2 Rf5 21. axb6 Rh5 22.
h4 Nf5 23. Rxa7 Rxa7 24. bxa7 Qxa7 25. Qe2 Qe7 26. Bg5 Qb7 27. Rh1 h6 28. g4
hxg5 29. gxh5 Nxh4+ 30. Rxh4 gxh4 31. hxg6 Qe7 32. Qf3 Bh6 33. Qf7+ Qxf7 34.
gxf7+ Kxf7 35. b6 1-0

[Event "Frauenbundesliga 2015/2016"]
[Site "Mattersburg/ St. Veit/ Graz"]
[Date "2016.04.16"]
[Round "6"]
[Board "4"]
[White "Karner, Sylvia"]
[Black "Rampler, Evelyn"]
[Result "1/2-1/2"]
[WhiteElo "1452"]
[BlackElo "1840"]
[PlyCount "84"]
[EventDate "2015.11.06"]
[EventType "team"]
[EventRounds "7"]
[EventCountry "AUT"]
[WhiteTeam "SK Dornbirn"]
[BlackTeam "ASVOE Wulkaprodersdorf"]

1. e4 c5 2. Nc3 Nc6 3. g3 g6 4. Bg2 Bg7 5. d3 d6 6. f4 Nd4 7. Nf3 Bg4 8. O-O
Qd7 9. Be3 h5 10. Qd2 Nxf3+ 11. Bxf3 h4 12. Bxg4 Qxg4 13. Qe2 Qd7 14. g4 b5 15.
h3 e6 16. Qf3 O-O-O 17. a3 Qc6 18. Nd1 Ne7 19. c3 f5 20. exf5 gxf5 21. Qxc6+
Nxc6 22. g5 a5 23. Rc1 Kb7 24. Re1 Rde8 25. Bf2 e5 26. Ne3 exf4 27. Nxf5 Be5
28. d4 Reg8 29. dxe5 Rxg5+ 30. Kf1 Rxf5 31. exd6 Ne5 32. Rcd1 Nc4 33. Re7+ Kc8
34. Rc7+ Kd8 35. b3 Ne3+ 36. Bxe3 fxe3+ 37. Ke2 Rg8 38. Kxe3 Re8+ 39. Kd2 Rd5+
40. Kc1 Rxd6 41. Rxc5 Rxd1+ 42. Kxd1 Re3 1/2-1/2

[Event "Frauenbundesliga 2015/2016"]
[Site "Mattersburg/ St. Veit/ Graz"]
[Date "2016.04.16"]
[Round "6"]
[Board "1"]
[White "Schnegg, Anna-Lena"]
[Black "Horvath, Reka"]
[Result "0-1"]
[WhiteElo "2149"]
[BlackElo "2036"]
[PlyCount "88"]
[EventDate "2015.11.06"]
[EventType "team"]
[EventRounds "7"]
[EventCountry "AUT"]
[WhiteTeam "Mayrhofen/SK Zell/Zillertal"]
[BlackTeam "Spg. Feldbach-Kirchberg"]

1. e4 c5 2. d3 g6 3. g3 Bg7 4. Bg2 e6 5. f4 Ne7 6. c3 d5 7. e5 f6 8. exf6 Bxf6
9. Nf3 Nf5 10. O-O O-O 11. g4 Nd6 12. Be3 Qc7 13. d4 Nc4 14. Qe2 Nc6 15. Ne5
Nxe3 16. Qxe3 cxd4 17. cxd4 Qb6 18. Rd1 Nxe5 19. fxe5 Bh4 20. Rd2 Bd7 21. Nc3
Rac8 22. Rf1 Rxf1+ 23. Bxf1 Qd8 24. Rd3 Qe7 25. Qe2 Qg5 26. h3 Rf8 27. Qd2 Qe7
28. Qd1 Qf7 29. Bg2 Qf2+ 30. Kh1 Qxb2 31. Rf3 Rxf3 32. Qxf3 Qf2 33. Nxd5 Qxf3
34. Bxf3 exd5 35. Bxd5+ Kf8 36. Bxb7 Ke7 37. Kg2 Be1 38. Kf3 Bb5 39. d5 Bf1 40.
Bc8 Bxh3 41. Ke4 Bg2+ 42. Kd4 Bf2+ 43. Kc4 Bf1+ 44. Kb4 Bd4 0-1

[Event "Frauenbundesliga 2015/2016"]
[Site "Mattersburg/ St. Veit/ Graz"]
[Date "2016.04.16"]
[Round "6"]
[Board "2"]
[White "Schloffer, Jasmin-Denise"]
[Black "Wu, Min"]
[Result "1-0"]
[WhiteElo "2028"]
[BlackElo "1886"]
[PlyCount "81"]
[EventDate "2015.11.06"]
[EventType "team"]
[EventRounds "7"]
[EventCountry "AUT"]
[WhiteTeam "Spg. Feldbach-Kirchberg"]
[BlackTeam "Mayrhofen/SK Zell/Zillertal"]

1. d4 d5 2. c4 dxc4 3. Nf3 Nf6 4. e3 Bg4 5. Bxc4 e6 6. O-O Nc6 7. Nc3 Bd6 8.
Be2 O-O 9. b3 a6 10. Bb2 Qe7 11. a3 Rad8 12. Qc2 e5 13. d5 Nb8 14. e4 Nh5 15.
Nd2 Qg5 16. Bxg4 Qxg4 17. h3 Qg6 18. Ne2 Nf4 19. Nxf4 exf4 20. Qc3 Nd7 21. Nc4
f6 22. Nxd6 cxd6 23. f3 Rc8 24. Qd2 Ne5 25. Kh1 Rc7 26. Rac1 Rfc8 27. Rxc7 Rxc7
28. Rc1 Rxc1+ 29. Qxc1 Nd3 30. Qc8+ Kf7 31. Qd7+ Kf8 32. Qxd6+ Ke8 33. Qb8+ Kf7
34. Qxb7+ Kg8 35. Qc8+ Kf7 36. Qc7+ Kg8 37. Qc2 Qg3 38. Qxd3 Qe1+ 39. Kh2 Qg3+
40. Kg1 Qe1+ 41. Qf1 1-0

[Event "Frauenbundesliga 2015/2016"]
[Site "Mattersburg/ St. Veit/ Graz"]
[Date "2016.04.16"]
[Round "6"]
[Board "3"]
[White "Mayrhuber, Nikola"]
[Black "Wilfling, Sandra"]
[Result "1-0"]
[WhiteElo "1953"]
[BlackElo "1835"]
[PlyCount "53"]
[EventDate "2015.11.06"]
[EventType "team"]
[EventRounds "7"]
[EventCountry "AUT"]
[WhiteTeam "Mayrhofen/SK Zell/Zillertal"]
[BlackTeam "Spg. Feldbach-Kirchberg"]

1. d4 d5 2. Nf3 e6 3. c4 Nf6 4. g3 c6 5. Qb3 dxc4 6. Qxc4 Nbd7 7. Bg2 Be7 8.
O-O O-O 9. Nc3 Nb6 10. Qb3 Nbd5 11. Rd1 b6 12. Ne5 Bb7 13. Na4 Qc7 14. e4 Nb4
15. a3 Na6 16. Bf4 Nh5 17. Rac1 Nxf4 18. gxf4 Bd6 19. Nc3 Qe7 20. Ne2 c5 21.
Nc4 Rfd8 22. e5 Bb8 23. Bxb7 Qxb7 24. dxc5 Bc7 25. Nd6 Bxd6 26. cxd6 Nc5 27.
Rxc5 1-0

[Event "Frauenbundesliga 2015/2016"]
[Site "Mattersburg/ St. Veit/ Graz"]
[Date "2016.04.16"]
[Round "6"]
[Board "4"]
[White "Felberbauer, Sara"]
[Black "Roeck, Vanessa"]
[Result "0-1"]
[WhiteElo "1542"]
[BlackElo "1616"]
[PlyCount "80"]
[EventDate "2015.11.06"]
[EventType "team"]
[EventRounds "7"]
[EventCountry "AUT"]
[WhiteTeam "Spg. Feldbach-Kirchberg"]
[BlackTeam "Mayrhofen/SK Zell/Zillertal"]

1. e4 d6 2. d4 Nf6 3. Nc3 g6 4. Bc4 Bg7 5. Nf3 O-O 6. Bb3 c6 7. O-O b5 8. a3
Bb7 9. Re1 a6 10. e5 Nd5 11. Nxd5 cxd5 12. Bf4 dxe5 13. Bxe5 Nd7 14. Bxg7 Kxg7
15. c3 Nb6 16. Qe2 e6 17. Qe5+ Kg8 18. Qe3 Qf6 19. Ne5 Rad8 20. Ng4 Qg7 21. Qf4
Nc4 22. Rab1 g5 23. Qc1 h5 24. Ne5 g4 25. f3 f6 26. Nd3 gxf3 27. Qc2 Qxg2+ 28.
Qxg2+ fxg2 29. Re2 Kf7 30. Nf4 Bc8 31. Bc2 Rg8 32. Bd3 e5 33. dxe5 Nxe5 34. Re3
d4 35. cxd4 Rxd4 36. Be4 Rxe4 37. Rxe4 Bf5 38. Rc1 Nf3+ 39. Kf2 g1=Q+ 40. Rxg1
Nxg1 0-1

[Event "Frauenbundesliga 2015/2016"]
[Site "Mattersburg/ St. Veit/ Graz"]
[Date "2016.04.16"]
[Round "6"]
[Board "1"]
[White "Kremer, Nadine"]
[Black "Hackbarth, Christa"]
[Result "1-0"]
[WhiteElo "1771"]
[BlackElo "1845"]
[PlyCount "75"]
[EventDate "2015.11.06"]
[EventType "team"]
[EventRounds "7"]
[EventCountry "AUT"]
[WhiteTeam "tschaturanga"]
[BlackTeam "Spg Steyr"]

1. e4 c6 2. d4 d5 3. Nc3 dxe4 4. Nxe4 Bf5 5. Ng3 Bg6 6. h4 h6 7. Nf3 Nd7 8. h5
Bh7 9. Bd3 Bxd3 10. Qxd3 Ngf6 11. Bd2 e6 12. O-O-O Qc7 13. Ne4 O-O-O 14. g3
Nxe4 15. Qxe4 Nf6 16. Qe2 Bd6 17. c4 c5 18. Bc3 Nd7 19. dxc5 Bxc5 20. Bxg7 Rh7
21. Bc3 f6 22. Nd4 Bxd4 23. Rxd4 e5 24. Rd5 Nb6 25. Rxd8+ Kxd8 26. b3 Qg7 27.
Ba5 Kc7 28. c5 Qd7 29. cxb6+ axb6 30. Qc2+ Qc6 31. Bd2 Kd7 32. Rd1 Ke6 33. Kb2
Rd7 34. Bxh6 Qxc2+ 35. Kxc2 Rh7 36. Be3 Rxh5 37. Bxb6 e4 38. a4 1-0

[Event "Frauenbundesliga 2015/2016"]
[Site "Mattersburg/ St. Veit/ Graz"]
[Date "2016.04.16"]
[Round "6"]
[Board "2"]
[White "Molnar, Monika"]
[Black "Landl, Margot"]
[Result "0-1"]
[WhiteElo "1866"]
[BlackElo "1881"]
[PlyCount "80"]
[EventDate "2015.11.06"]
[EventType "team"]
[EventRounds "7"]
[EventCountry "AUT"]
[WhiteTeam "Spg Steyr"]
[BlackTeam "tschaturanga"]

1. e4 e5 2. Nf3 Nc6 3. d4 exd4 4. Nxd4 Bc5 5. Nxc6 Qf6 6. Qe2 dxc6 7. Nc3 Bd4
8. Bd2 Bd7 9. g3 Ne7 10. Bg2 Ng6 11. O-O Ne5 12. Kh1 h5 13. Be3 Bxc3 14. bxc3
h4 15. Bd4 hxg3 16. fxg3 Qh6 17. Bf3 Nxf3 18. Rxf3 Bg4 19. Bg1 Qh5 20. Raf1 Rd8
21. Bd4 Bxf3+ 22. Rxf3 Rh7 23. e5 Rh6 24. Qf2 c5 25. Rf5 Qh3 26. Rxf7 Qxh2+ 27.
Qxh2 Rxh2+ 28. Kxh2 Kxf7 29. Bxc5 Rd2+ 30. Kh3 Rxc2 31. Bxa7 b6 32. a4 Rxc3 33.
a5 bxa5 34. Bd4 Rc4 35. Ba1 g6 36. g4 a4 37. Kh4 a3 38. Kg5 a2 39. e6+ Kxe6 40.
Bb2 Kf7 0-1

[Event "Frauenbundesliga 2015/2016"]
[Site "Mattersburg/ St. Veit/ Graz"]
[Date "2016.04.16"]
[Round "6"]
[Board "4"]
[White "Bernhard, Julia"]
[Black "Steiner, Magdalena"]
[Result "1-0"]
[WhiteElo "1789"]
[BlackElo "1738"]
[PlyCount "51"]
[EventDate "2015.11.06"]
[EventType "team"]
[EventRounds "7"]
[EventCountry "AUT"]
[WhiteTeam "Spg Steyr"]
[BlackTeam "tschaturanga"]

1. e4 d6 2. d4 Nf6 3. Nc3 g6 4. Bg5 Bg7 5. Qd2 O-O 6. Bh6 Nbd7 7. Bxg7 Kxg7 8.
Be2 e5 9. O-O-O Qe7 10. g4 exd4 11. Qxd4 Qe5 12. Qe3 Nc5 13. f3 Bd7 14. h4 Ne6
15. Nh3 a6 16. h5 g5 17. h6+ Kh8 18. Nd5 Rg8 19. Nxf6 Qxf6 20. e5 Qxh6 21. Bd3
Qf8 22. Nf4 h6 23. Nh5 Rg6 24. exd6 cxd6 25. Bxg6 fxg6 26. Qd3 1-0

[Event "Frauenbundesliga 2015/2016"]
[Site "Mattersburg/ St. Veit/ Graz"]
[Date "2016.04.16"]
[Round "6"]
[Board "1"]
[White "Trippold, Denise"]
[Black "Teuschler, Barbara"]
[Result "0-1"]
[WhiteElo "2083"]
[BlackElo "2174"]
[PlyCount "67"]
[EventDate "2015.11.06"]
[EventType "team"]
[EventRounds "7"]
[EventCountry "AUT"]
[WhiteTeam "SK Baden"]
[BlackTeam "Chessgraz"]

1. d4 d5 2. c4 dxc4 3. e3 e5 4. Bxc4 exd4 5. exd4 Nf6 6. Nf3 Bd6 7. O-O O-O 8.
h3 Nc6 9. Nc3 h6 10. Qc2 a6 11. Bd2 b5 12. Bd3 Nb4 13. Qb1 Nxd3 14. Qxd3 Bb7
15. Rfe1 c5 16. Rad1 c4 17. Qc2 Bxf3 18. gxf3 Nh5 19. Ne4 Bf4 20. Bb4 Re8 21.
Kg2 Re6 22. Rh1 Rg6+ 23. Kf1 f5 24. Rg1 Rxg1+ 25. Kxg1 fxe4 26. fxe4 Qh4 27.
Kg2 Bg5 28. Bd6 Nf4+ 29. Bxf4 Qxf4 30. e5 Rd8 31. Qc3 Rf8 32. Rf1 Qe4+ 33. Kg1
Rf3 34. Kh2 0-1

[Event "Frauenbundesliga 2015/2016"]
[Site "Mattersburg/ St. Veit/ Graz"]
[Date "2016.04.16"]
[Round "6"]
[Board "2"]
[White "Truszkiewicz, Eliza"]
[Black "Lymysalo, Venla"]
[Result "1-0"]
[WhiteElo "1909"]
[BlackElo "1756"]
[PlyCount "101"]
[EventDate "2015.11.06"]
[EventType "team"]
[EventRounds "7"]
[EventCountry "AUT"]
[WhiteTeam "Chessgraz"]
[BlackTeam "SK Baden"]

1. e4 c5 2. g3 e6 3. Bg2 d5 4. exd5 exd5 5. d4 c4 6. Ne2 Nc6 7. a3 h6 8. Nbc3
Nf6 9. Bf4 Be6 10. h3 Bd6 11. Bxd6 Qxd6 12. Nf4 O-O 13. O-O Rab8 14. Na4 Rfc8
15. Re1 b5 16. Nc5 Nxd4 17. Qxd4 Qxc5 18. Nxe6 fxe6 19. Qxc5 Rxc5 20. Rxe6 Rd8
21. Re5 Rc7 22. Rd1 Rcd7 23. Rd4 Kf7 24. Bf3 a5 25. h4 b4 26. axb4 axb4 27. g4
Re7 28. Rxe7+ Kxe7 29. g5 hxg5 30. hxg5 Nh7 31. Rxd5 Rxd5 32. Bxd5 c3 33. bxc3
bxc3 34. f4 Nf8 35. Kf2 Kd6 36. Be4 Kc5 37. Bf5 Kd4 38. Kf3 Kd5 39. Ke3 g6 40.
Be4+ Kc4 41. f5 Kc5 42. Kd3 Kd6 43. fxg6 Ne6 44. Kxc3 Nxg5 45. Bf5 Ke7 46. Kb4
Nf3 47. c4 Nd4 48. Be4 Ne6 49. Kb5 Ng7 50. Kb6 Ne8 51. c5 1-0

[Event "Frauenbundesliga 2015/2016"]
[Site "Mattersburg/ St. Veit/ Graz"]
[Date "2016.04.16"]
[Round "6"]
[Board "3"]
[White "Berger, Lisa"]
[Black "Schmidbauer, Andrea"]
[Result "1-0"]
[WhiteElo "1640"]
[BlackElo "1876"]
[PlyCount "57"]
[EventDate "2015.11.06"]
[EventType "team"]
[EventRounds "7"]
[EventCountry "AUT"]
[WhiteTeam "SK Baden"]
[BlackTeam "Chessgraz"]

1. d4 e6 2. c4 Nf6 3. Bg5 Be7 4. Nf3 d5 5. e3 c6 6. a3 a5 7. Nbd2 dxc4 8. Nxc4
b5 9. Nce5 Bb7 10. Bd3 h6 11. Bh4 Nbd7 12. O-O O-O 13. Rc1 Rc8 14. Rc2 Kh8 15.
h3 Kg8 16. Qc1 Nxe5 17. Nxe5 Qd5 18. Be2 g5 19. Bg3 Ne4 20. Bf3 Kg7 21. Rd1 f6
22. Nd3 Qf5 23. Bh2 c5 24. dxc5 Nxc5 25. Bxb7 Nxd3 26. Rxd3 Rxc2 27. Qxc2 Rd8
28. e4 Rxd3 29. exf5 1-0

[Event "Frauenbundesliga 2015/2016"]
[Site "Mattersburg/ St. Veit/ Graz"]
[Date "2016.04.16"]
[Round "6"]
[Board "4"]
[White "Kaser, Gabriele"]
[Black "Lasinger, Melanie"]
[Result "1/2-1/2"]
[WhiteElo "1266"]
[BlackElo "1476"]
[PlyCount "60"]
[EventDate "2015.11.06"]
[EventType "team"]
[EventRounds "7"]
[EventCountry "AUT"]
[WhiteTeam "Chessgraz"]
[BlackTeam "SK Baden"]

1. Nf3 d5 2. c4 e6 3. d4 Nf6 4. a3 c6 5. e3 Nbd7 6. cxd5 exd5 7. Bd3 Bd6 8. O-O
O-O 9. b4 Qc7 10. h3 Re8 11. Nbd2 h6 12. Qc2 Nf8 13. Re1 Bd7 14. e4 dxe4 15.
Nxe4 Nxe4 16. Bxe4 Qd8 17. Bb2 Re7 18. Re2 Ne6 19. Bf5 Nf4 20. Rxe7 Bxf5 21.
Re8+ Qxe8 22. Qxf5 Nd5 23. Re1 Qd8 24. Ne5 Qe8 25. Kf1 Bxe5 26. dxe5 Qc8 27.
Qe4 Qe6 28. Kg1 Kh8 29. Kf1 Kg8 30. Kg1 Kh8 1/2-1/2

[Event "Frauenbundesliga 2015/2016"]
[Site "Mattersburg/ St. Veit/ Graz"]
[Date "2016.04.16"]
[Round "6"]
[Board "1"]
[White "Zechner, Andrea"]
[Black "Hiebler, Laura"]
[Result "0-1"]
[WhiteElo "1892"]
[BlackElo "2107"]
[PlyCount "68"]
[EventDate "2015.11.06"]
[EventType "team"]
[EventRounds "7"]
[EventCountry "AUT"]
[WhiteTeam "SC Extraherb WS"]
[BlackTeam "SV Autohof St. Veit/Glan"]

1. d4 f5 2. c4 Nf6 3. Nf3 e6 4. Nc3 Bb4 5. a3 Bxc3+ 6. bxc3 b6 7. Bf4 Bb7 8. e3
O-O 9. Bd3 d6 10. O-O Nbd7 11. Bg3 Ne4 12. Bh4 Qe8 13. Qc2 Ndf6 14. Rfe1 h6 15.
Bxf6 Rxf6 16. Nd2 Qg6 17. Nxe4 fxe4 18. Bf1 Raf8 19. Re2 Bc8 20. Ra2 e5 21.
dxe5 dxe5 22. Qa4 a5 23. c5 Ba6 24. c4 Bc8 25. Red2 Qg5 26. Qb3 Bh3 27. g3 Bxf1
28. Kxf1 Rc6 29. cxb6 Rxb6 30. Qc3 Rb1+ 31. Kg2 Qf5 32. Rd5 Qf3+ 33. Kh3 Qh5+
34. Kg2 Rf5 0-1

[Event "Frauenbundesliga 2015/2016"]
[Site "Mattersburg/ St. Veit/ Graz"]
[Date "2016.04.16"]
[Round "6"]
[Board "3"]
[White "Mattersberger, Melanie"]
[Black "Tarmastin, Laura"]
[Result "0-1"]
[WhiteElo "1637"]
[BlackElo "1837"]
[PlyCount "104"]
[EventDate "2015.11.06"]
[EventType "team"]
[EventRounds "7"]
[EventCountry "AUT"]
[WhiteTeam "SC Extraherb WS"]
[BlackTeam "SV Autohof St. Veit/Glan"]

1. e4 g6 2. d4 Bg7 3. Nf3 d6 4. Be3 Nf6 5. Nc3 O-O 6. Bc4 Nc6 7. Qe2 a6 8.
O-O-O b5 9. Bd5 Nxd5 10. Nxd5 Be6 11. Nf4 Bc4 12. Qd2 e5 13. dxe5 Nxe5 14. b3
Be6 15. Nxe6 fxe6 16. Nd4 Qe8 17. f3 a5 18. Bh6 a4 19. Bxg7 Kxg7 20. f4 Ng4 21.
Qc3 Kg8 22. Qg3 Nf6 23. f5 Nxe4 24. Qf3 exf5 25. Rde1 Qe5 26. c3 axb3 27. axb3
b4 28. Ne2 Ra1+ 29. Kb2 Rxe1 30. Rxe1 Ra8 31. Qd3 bxc3+ 32. Nxc3 Qxc3+ 33. Qxc3
Nxc3 34. Kxc3 Kf7 35. Re2 Ra5 36. Kd4 Rb5 37. Kc4 Re5 38. Ra2 Rc5+ 39. Kd4 Ke6
40. Re2+ Kf6 41. b4 Rc1 42. Kd5 f4 43. Rf2 Kg5 44. b5 Rc5+ 45. Ke4 Rxb5 46. h4+
Kxh4 47. Rxf4+ Kg3 48. Rf7 Kxg2 49. Rxh7 Rc5 50. Rg7 g5 51. Kd4 Kg3 52. Re7 g4
 0-1

[Event "Frauenbundesliga 2015/2016"]
[Site "Mattersburg/ St. Veit/ Graz"]
[Date "2016.04.17"]
[Round "7"]
[Board "1"]
[White "Teuschler, Barbara"]
[Black "Theissl-Pokorna, Regina"]
[Result "1-0"]
[WhiteElo "2174"]
[BlackElo "2345"]
[PlyCount "117"]
[EventDate "2015.11.06"]
[EventType "team"]
[EventRounds "7"]
[EventCountry "AUT"]
[WhiteTeam "Chessgraz"]
[BlackTeam "ASVOE Pamhagen"]

1. e4 e5 2. Nf3 Nc6 3. Bc4 Nf6 4. d3 Be7 5. O-O O-O 6. Re1 d6 7. c3 Na5 8. Bb5
a6 9. Ba4 b5 10. Bc2 c5 11. Nbd2 Nc6 12. Nf1 Qc7 13. Ng3 g6 14. h3 Rb8 15. Be3
b4 16. d4 Na5 17. Qe2 bxc3 18. bxc3 cxd4 19. cxd4 Rb2 20. Rec1 Be6 21. d5 Bd7
22. Bd3 Qb7 23. Qe1 Bd8 24. Bd2 Bb5 25. Bxb5 Qxb5 26. Bc3 Nd7 27. Bxb2 Qxb2 28.
Rab1 Qa3 29. Qb4 Qxb4 30. Rxb4 h5 31. h4 Nc5 32. Rb8 Be7 33. Rb6 Ra8 34. Nd2
Ra7 35. Nb3 Naxb3 36. axb3 a5 37. Ra1 Bxh4 38. b4 Nb3 39. Ra3 a4 40. Ne2 Nd2
41. Nc3 Nc4 42. Rb8+ Kg7 43. Rxa4 Rd7 44. b5 Rc7 45. Na2 Nb2 46. Ra6 Rc2 47. g3
Bg5 48. b6 Nd3 49. b7 Rb2 50. Nc3 Nxf2 51. Na4 Nh3+ 52. Kf1 Rf2+ 53. Ke1 Bd2+
54. Kd1 Be3 55. Rc8 Rd2+ 56. Kc1 Nf2 57. b8=Q Rd4+ 58. Kc2 Nxe4 59. Qb5 1-0

[Event "Frauenbundesliga 2015/2016"]
[Site "Mattersburg/ St. Veit/ Graz"]
[Date "2016.04.17"]
[Round "7"]
[Board "2"]
[White "Batyte, Daiva"]
[Black "Truszkiewicz, Eliza"]
[Result "1-0"]
[WhiteElo "2189"]
[BlackElo "1909"]
[PlyCount "121"]
[EventDate "2015.11.06"]
[EventType "team"]
[EventRounds "7"]
[EventCountry "AUT"]
[WhiteTeam "ASVOE Pamhagen"]
[BlackTeam "Chessgraz"]

1. c4 e5 2. Nc3 Nf6 3. g3 d5 4. cxd5 Nxd5 5. Bg2 c6 6. Qb3 Nb6 7. Nf3 Be6 8.
Qc2 N8d7 9. d4 Bd6 10. O-O f6 11. Ne4 Bc7 12. dxe5 Nxe5 13. Rd1 Qc8 14. Nxe5
Bxe5 15. Nd6+ Bxd6 16. Rxd6 O-O 17. b3 Rd8 18. Rxd8+ Qxd8 19. Bb2 Qc7 20. Be4
h6 21. Bd4 Rd8 22. e3 Bd5 23. Bh7+ Kh8 24. Bf5 a6 25. Qc5 Nc8 26. Rc1 Qe7 27.
Qxe7 Nxe7 28. Bb6 Rg8 29. Bh3 Ng6 30. f4 Re8 31. Rd1 Nf8 32. Kf2 Ne6 33. Bf5
Nf8 34. Rd4 g6 35. e4 Bf7 36. Bg4 Kg7 37. h4 h5 38. Bf3 Be6 39. Rd6 f5 40. Bd4+
Kf7 41. exf5 Bxf5 42. Bc3 Nd7 43. b4 Nb6 44. Rd2 Nc4 45. Rd4 Ne3 46. Rd6 Nc4
47. Rf6+ Ke7 48. Bxh5 Nd6 49. Bf3 Rd8 50. h5 Ne8 51. Rxg6 Bxg6 52. hxg6 Nf6 53.
f5 Rd3 54. Be5 Nd7 55. Bf4 Rd4 56. Bg5+ Nf6 57. Ke3 Rd6 58. Kf4 Kf8 59. Ke5 Ne8
60. f6 Rd3 61. Bh6+ 1-0

[Event "Frauenbundesliga 2015/2016"]
[Site "Mattersburg/ St. Veit/ Graz"]
[Date "2016.04.17"]
[Round "7"]
[Board "3"]
[White "Schmidbauer, Andrea"]
[Black "Horvath, Maria"]
[Result "1/2-1/2"]
[WhiteElo "1876"]
[BlackElo "1974"]
[PlyCount "136"]
[EventDate "2015.11.06"]
[EventType "team"]
[EventRounds "7"]
[EventCountry "AUT"]
[WhiteTeam "Chessgraz"]
[BlackTeam "ASVOE Pamhagen"]

1. e4 c5 2. c3 e6 3. d4 d5 4. e5 Nc6 5. Nf3 Qb6 6. Be2 Nh6 7. Bxh6 gxh6 8. Qb3
Bg7 9. Qxb6 axb6 10. b3 cxd4 11. cxd4 Nb4 12. Bd1 Rxa2 13. Rxa2 Nxa2 14. O-O
Bd7 15. Na3 O-O 16. Be2 Nc3 17. Bd3 Rc8 18. Nd2 f6 19. f4 b5 20. b4 Bf8 21. Nc2
f5 22. h3 Ne4 23. Nf3 Rc3 24. Rd1 Rb3 25. g4 Be7 26. gxf5 exf5 27. Ne3 Be6 28.
Nc2 Kf7 29. Nfe1 Bh4 30. Ra1 Bg3 31. Ra7 Bc8 32. Bxb5 Bxf4 33. Bc6 Ke6 34. Ba4
Rb1 35. Kg2 Bd2 36. Nd3 f4 37. Ra8 Bd7 38. Bxd7+ Kxd7 39. Rh8 Ng5 40. h4 f3+
41. Kf2 Ne4+ 42. Kxf3 Rf1+ 43. Ke2 Rf7 44. Ne3 Bc3 45. Nc2 Ng3+ 46. Kd1 Ke7 47.
Ne3 Bxd4 48. Nxd5+ Kd7 49. Nc5+ Bxc5 50. Nf6+ Ke6 51. bxc5 Kxe5 52. Ng4+ Kd4
53. Nxh6 Rd7 54. Rc8 Kc4+ 55. Ke1 Kb5 56. Ng4 Ne4 57. Ne5 Re7 58. c6 Rxe5 59.
cxb7 Nc5+ 60. Kf2 Nxb7 61. Rc7 Nd6 62. Rxh7 Kc5 63. Kf3 Kd5 64. Kg4 Ne4 65. Rh8
Nf2+ 66. Kf4 Ke6 67. Ra8 Rf5+ 68. Kg3 Kf7 1/2-1/2

[Event "Frauenbundesliga 2015/2016"]
[Site "Mattersburg/ St. Veit/ Graz"]
[Date "2016.04.17"]
[Round "7"]
[Board "4"]
[White "Kosc, Renata"]
[Black "Kaser, Gabriele"]
[Result "1-0"]
[WhiteElo "2009"]
[BlackElo "1266"]
[PlyCount "109"]
[EventDate "2015.11.06"]
[EventType "team"]
[EventRounds "7"]
[EventCountry "AUT"]
[WhiteTeam "ASVOE Pamhagen"]
[BlackTeam "Chessgraz"]

1. e4 d5 2. exd5 Qxd5 3. Nc3 Qd8 4. d4 Nf6 5. Bc4 Bf5 6. Nf3 Nbd7 7. Bf4 e6 8.
O-O Bd6 9. Ne5 O-O 10. Bd3 Bxd3 11. Qxd3 Nh5 12. g3 Nxf4 13. gxf4 c5 14. Ne4
Bxe5 15. fxe5 cxd4 16. Qxd4 Qc7 17. f4 Nb6 18. Rf2 Rad8 19. Qe3 a6 20. Rg2 Nd5
21. Qg3 f5 22. Nd6 Rd7 23. c3 b5 24. a4 Qa7+ 25. Rf2 b4 26. cxb4 Nxb4 27. Kg2
Rc7 28. Rd1 Nd5 29. Rd3 Rb8 30. Rb3 Nb4 31. Rd2 Qa8+ 32. Qf3 Qa7 33. Qf2 Qa8+
34. Qf3 Qa7 35. Rc3 Rxc3 36. Qxc3 Qa8+ 37. Kh3 Nd5 38. Qg3 Rb4 39. Rf2 Qb8 40.
Qg5 Qf8 41. Rc2 Rb8 42. Rc6 h6 43. Qg3 a5 44. b3 Kh7 45. Kg2 Ne7 46. Rc7 Nc8
47. Rf7 Qg8 48. Rc7 Qf8 49. Ne8 Ne7 50. Nxg7 Qxg7 51. Qxg7+ Kxg7 52. Rxe7+ Kh8
53. Rxe6 Rxb3 54. Rxh6+ Kg7 55. Rf6 1-0

[Event "Frauenbundesliga 2015/2016"]
[Site "Mattersburg/ St. Veit/ Graz"]
[Date "2016.04.17"]
[Round "7"]
[Board "1"]
[White "Horvath, Reka"]
[Black "Kopinits, Anna-Christina"]
[Result "0-1"]
[WhiteElo "2036"]
[BlackElo "2267"]
[PlyCount "86"]
[EventDate "2015.11.06"]
[EventType "team"]
[EventRounds "7"]
[EventCountry "AUT"]
[WhiteTeam "Spg. Feldbach-Kirchberg"]
[BlackTeam "ASVOE Wulkaprodersdorf"]

1. e4 c5 2. Nf3 Nc6 3. Bb5 d6 4. Bxc6+ bxc6 5. O-O Bg4 6. d3 e5 7. b3 Be7 8.
Qe2 Nf6 9. Qe3 Nh5 10. h3 Be6 11. Nh2 Nf4 12. Qf3 g5 13. Bxf4 gxf4 14. Nd2 Qd7
15. Rfe1 Rg8 16. Kh1 O-O-O 17. Rab1 f6 18. b4 cxb4 19. Rxb4 d5 20. Rb2 Ba3 21.
Rb3 dxe4 22. Nxe4 Bxb3 23. axb3 Qe6 24. Ra1 Bb4 25. Ra4 a5 26. Nf1 f5 27. Ned2
Qd5 28. Qxd5 Rxd5 29. Nc4 Kc7 30. g3 e4 31. d4 Rxd4 32. Ra1 Bc3 33. Rc1 fxg3
34. Nxg3 Rd5 35. Ne2 Be5 36. Ne3 Rd2 37. Re1 Bd6 38. Nc4 Rxc2 39. Ne3 Rb2 40.
Nxf5 Bb4 41. Rg1 Rxg1+ 42. Nxg1 Rxb3 43. Kg2 a4 0-1